Flag Map by German Subdivision - Statistics

General Stats
  • This quiz has been taken 31 times
  • The average score is 13 of 16
Answer Stats
Picture Answer % Correct
Bavaria
100%
Baden-Württemberg
92%
Bremen
92%
Berlin
84%
Hamburg
84%
Saarland
84%
Hesse
80%
Brandenburg
76%
Lower Saxony
76%
Mecklenburg-Vorpommern
76%
North-Rhine Westphalia
76%
Rhineland-Palatinate
76%
Saxony
76%
Saxony-Anhalt
76%
Thuringia
76%
Schleswig-Holstein
72%
No matching quizzes found
Score Distribution
Percent of People with Each Score
Percentile by Number Answered
Your Score History
You have not taken this quiz